Reklama, reprezentácia, sponzoring

Daňové posúdenie jednotlivých výdavkov vynaložených na činnosti, ktorých cieľom je určitým spôsobom prezentovať samotnú osobu daňovníka (FO alebo obchodnú spoločnosť), jej činnosť, poskytované služby alebo výrobky.

Gespeichert in:
Bibliographische Detailangaben
1. Verfasser: Petrovická, Iveta
Format: Buchkapitel
Sprache:Slowakisch
Schlagworte:
Tags: Tag hinzufügen
Keine Tags, Fügen Sie das erste Tag hinzu!

MARC

LEADER 00000naa a2200000 4500
001 0186739
005 20231114103902.1
041 0 |a slo 
044 |a SK 
245 1 0 |a Reklama, reprezentácia, sponzoring  |c Iveta Petrovická 
520 |a Daňové posúdenie jednotlivých výdavkov vynaložených na činnosti, ktorých cieľom je určitým spôsobom prezentovať samotnú osobu daňovníka (FO alebo obchodnú spoločnosť), jej činnosť, poskytované služby alebo výrobky. 
610 2 0 |a reklama 
610 2 0 |a náklady 
610 2 0 |a účtovanie nákladov 
610 2 0 |a sponzorovanie 
610 2 0 |a dane z príjmov 
100 1 |a Petrovická, Iveta